| 000 | 00340 a2200109 4500 | ||
|---|---|---|---|
| 020 | _a3540206965 | ||
| 082 | _a518.64 TOS | ||
| 100 | _aToselli, Andrea | ||
| 245 |
_aDomain Decomposition Methods-Algorithms and Theory _cAndrea Toselli, Olof Widlund |
||
| 260 |
_aNew York : _bSpringer, _c2005 |
||
| 300 |
_axv, 450p. : _bill ., ; _c30 cm |
||
| 650 | _aComputational Mathematics | ||
| 999 |
_c522 _d522 |
||